Στοιχεία της αρχαίας ελληνικής γραμματολογίας : πρός χρήσιν των γυμνασίων

Αποθηκεύτηκε σε:
Λεπτομέρειες βιβλιογραφικής εγγραφής
Κύριος συγγραφέας: Θοιβιδόπουλος, Γεώργιος Δ.
Μορφή: Βιβλίο
Γλώσσα:Greek
Δημοσίευση: Εν Αθήναις : Τυπογραφείον Αλεξάνδρου Παπαγεωργίου, 1894.
Θέματα:
Διαθέσιμο Online:http://hdl.handle.net/11610/16561
Ετικέτες: Προσθήκη ετικέτας
Δεν υπάρχουν, Καταχωρήστε ετικέτα πρώτοι!

MARC

LEADER 00000cam a2200000 i 4500
001 1/60104
008 141120s1894 gr | ||| |||| ||gre||
035 |l 10119815 
040 |a GR-MyUA  |b gre  |e AACR2 
041 0 |a gre 
082 0 |a 880.9  |2 (23) 
100 1 |a Θοιβιδόπουλος, Γεώργιος Δ. 
245 1 0 |a Στοιχεία της αρχαίας ελληνικής γραμματολογίας :   |b πρός χρήσιν των γυμνασίων /   |c υπό Γ. Δ. Θοιβιδοπούλου.  
260 |a Εν Αθήναις :   |b Τυπογραφείον Αλεξάνδρου Παπαγεωργίου,   |c 1894.  
300 |a 208 σ. ;   |c 22 εκ.  
500 |a Στο εξώφυλλο σφραγίδα "Πορφυριάς Αστική Σχολή Καρλοβασίων".  
500 |a Στο εξώφυλλο χειρόγραφη αφιέρωση "Τη Πορφυριάδι Σχολή ο διευθυντής. Υπογραφή Α. Γ. Χατζόγλους".  
500 |a Εγκριθέντα υπό του υπουργείου κατά τον ΒΡΛ' νόμον.  
500 |a Χωρίς το εξώφυλλο του βιβλίου. Η ράχη έχει ραφτεί πρόχειρα με σπάγκο.  
500 |a Υπάρχει ψηφιακό αντίγραφο.  
650 0 0 |a Greek literature  |x Criticism, Textual. 
650 0 0 |a Greek literature, Hellenistic. 
650 0 0 |a Classical literature. 
650 0 0 |a Literature  |x History and criticism. 
852 |a INST  |b SAMOS  |c PORFYRIADA  |e 20141120  |h 880.9 ΘΟΙ  |p 005300037203  |q 005300037203  |t NOLOAN  |y 23 
856 |u http://hdl.handle.net/11610/16561 
901 |a BIBL3-2014-3 
909 |a Σ  |b 185351 
970 |a ΣΙΤΖΙΜΗ  |b ΓΙΑΣΕΜΗ  |z 2014/11/20